000
00325nam a2200133Ia 4500
005
20260328104328.0
008
260328s9999||||xx |||||||||||||| ||und||
100
_a
Joy, Rick
245
0
_a
Studio Joy Works /
_c
Rick Joy
260
_b
Princeton Architectural Press
300
_a
207 p.
650
_a
ARQUITECTURA
942
_c
BK
999
_c
11612
_d
11612